| 000 | 00665nam a2200205Ia 4500 | ||
|---|---|---|---|
| 008 | 191130s2004##################000#0#eng## | ||
| 020 | _a9783540438069 | ||
| 022 | _a2003062854 | ||
| 040 |
_aACL _cACL |
||
| 082 | _a621.382 MA | ||
| 245 |
_aThird generation communication systems : future developments and advanced topics _cJian-Gou Ma, ed |
||
| 260 |
_aBerlin _bSpringer _c2004 |
||
| 300 | _avii, 236 p. : ill. ; 25 cm. | ||
| 500 | _aIncludes bibliographical references | ||
| 650 | _aWireless communication systems - Technological innovations | ||
| 700 | _aMa, Jian-Guo | ||
| 990 | _a531c03ecac10000c141e11c7eebfcab7 | ||
| 991 | _a170346 | ||
| 999 |
_c78250 _d78250 |
||